Programa de manejo de recursos naturales : (Registro nro. 2160)

Detalles MARC
000 -CABECERA
Campo de control 01045nam a2200217 a 4500
005 - FECHA Y HORA DE LA ULTIMA TRANSACCION
Campo de control 20180803164954.0
008 - ELEMENTOS DE LONGITUD FIJA—INFORMACION GENERAL
Campo de control 140304s1998 ck ab fr|||| 000 0 spa d
040 ## - FUENTE DE CATALOGACIÓN
Agencia catalogadora original CO-BoIAVH
Agencia transcriptora CO-BoIAVH
041 0# - IDIOMA
Código de idioma para texto/pista de sonido o título separado Español
044 ## - PAÍS DE PUBLICACIÓN
País de publicación Colombia
082 04 - NUMERO DE CLASIFICACION DECIMAL DEWEY
Número de clasificación 333.783
Número del ítem M66p2
110 2# - ASIENTO PRINCIPAL--NOMBRE CORPORATIVO
Unidad subordinad Ministerio del Medio Ambiente. Unidad Administrativa Especial del Sistema de Parques Nacionales Naturales
Nombre corporativo o de jurisdicción como elemento de entrada Colombia.
9 (RLIN) 53798
245 ## - MENCION DE TITULO
Título Programa de manejo de recursos naturales :
Parte restante del título plan operativo general, manejo integral de los Parques Nacionales Naturales en el Chocó biogeográfico /
Mención de responsabilidad Ministerio del Medio Ambiente, Unidad Administrativa Especial del Sistema de Parques Nacionales Naturales
260 ## - PUBLICACION, DISTRIBUCION, ETC. (PIE DE IMPRENTA)
Lugar de publicación, distribución, etc. Bogotá :
Nombre del editor, distribuidor, etc. Ministerio del Medio Ambiente :
-- Sistema de Parques Nacionales Naturales,
Fecha de publicación, distribución, etc. 1998.
300 ## - DESCRIPCION FISICA
Extensión 323 páginas :
Otros detalles físicos Ilustraciones , mapas ;
Dimensiones 24 x 17 cm.
650 #6 - ASIENTO SECUNDARIO DE MATERIA - TERMINO TEMATICO
Término temático o nombre geográfico como elemento de entrada Parques nacionales naturales
9 (RLIN) 53799
650 #6 - ASIENTO SECUNDARIO DE MATERIA - TERMINO TEMATICO
Término temático o nombre geográfico como elemento de entrada Manejo de parques
9 (RLIN) 14818
700 1# - ASIENTO SECUNDARIO - NOMBRE PERSONAL
Nombre personal Sguerra C., Sandra Yolima
9 (RLIN) 826
700 1# - ASIENTO SECUNDARIO - NOMBRE PERSONAL
Nombre personal Castaño Uribe, Carlos
9 (RLIN) 92213
942 ## - ELEMENTOS ADICIONALES (KOHA)
Tipo de ítem Libro
Sistema de clasificación Dewey Decimal Classification
Existencias
Withdrawn status Lost status Sistema de Clasificación Damaged status No para préstamo Colección Inventariado Ubicación Permanente Ubicación actual Fecha de adquisición Fuente de Valor Valor Total Checkouts Número topográfico Inventario / Código de Barras Date last seen Ejemplar Price effective from Forma de adquisición Tipo de material
    Dewey Decimal Classification     General Inventariado 2017 Bogotá Bogotá 12/03/2001 Samper, Cristián 39000.00   LB-333.783 M66p2 002732 04/12/2012 Ej. 1 04/12/2012   Libro